Costa Rica: Situación actual y perspectivas del desarrollo rural

Guardado en:
Bibliografiske detaljer
Hovedforfatter: Fallas Venegas, Helio
Institution som forfatter: UNA. Maestría en Política Económica
Format: Texto
Udgivet: Heredia: EFUNA
Fag:
Tags: Tilføj Tag
Ingen Tags, Vær først til at tagge denne postø!

MARC

LEADER 00000 a a2200000 04500
001 28813
003
040
020 |a 997-906-29-7  
090 |a 189804  
100 |a Fallas Venegas, Helio  
110 |a UNA. Maestría en Política Económica  
245 |a Costa Rica: Situación actual y perspectivas del desarrollo rural  
260 |a Heredia:   |b EFUNA  
300 |a 66 p  
650 |a PROYECTOS DE DESARROLLO  
650 |a DESARROLLO RURAL  
650 |a DESARROLLO AGROPECUARIO  
650 |a PLANIFICACION RURAL  
999 |c 11117  |d 11117